Religious Journeys in India/ (Record no. 216843)

MARC details
000 -LEADER
fixed length control field 00645nam a22001937a 4500
005 - DATE AND TIME OF LATEST TRANSACTION
control field 20260702162007.0
010 ## - LCCN (DPL NO)
LC control number ENG-148974
020 ## - INTERNATIONAL STANDARD BOOK NUMBER
International Standard Book Number 9788195293100
Terms of availability 2495.00
035 ## - SYSTEM CONTROL NUMBER
System control number EN-132506
037 ## - SOURCE OF ACQUISITION
Source of stock number/acquisition DBAD
082 ## - DEWEY DECIMAL CLASSIFICATION NUMBER
Classification number 294.538
Edition number 1
245 ## - TITLE STATEMENT
Title Religious Journeys in India/
Statement of responsibility, etc Edited By Andrea Marion Pinkney [and] John Whalen Bridge
250 ## - EDITION STATEMENT
Edition statement 1
260 ## - PUBLICATION, DISTRIBUTION, ETC. (IMPRINT)
Place of publication, distribution, etc Darya Ganj
Name of publisher, distributor, etc Sanctum Books
Date of publication, distribution, etc 2025
270 ## - ADDRESS
Address 68 Medical Association Road, Darya Ganj
City New Delhi
Postal code 110002
Electronic mail address vikramjain@sanctumbooks.com
300 ## - PHYSICAL DESCRIPTION
Extent xiii, 323p;
Dimensions 24cm(hb)
500 ## - GENERAL NOTE
General note Pilgrims, Tourists and Travelers
942 ## - ADDED ENTRY ELEMENTS (KOHA)
Source of classification or shelving scheme Dewey Decimal Classification
Item type English Books
Classification part 294.538
Call number suffix REL
Holdings
Withdrawn status Lost status Not for loan Collection code Home library Current library Date acquired Source of acquisition Cost, normal purchase price Full call number Barcode Copy number Cost, replacement price Koha item type
    Not For Loan Non-fiction D.B.Act.Division D.B.Act.Division 02/07/2026 Delivery of Books Act Division 2495.00 294.538 REL EN-132506 1 2495.00 English Books

© Delhi Public Library
Hit Counter
free hit counter